000
00317nam a22001337a 4500
020
_a
9781402067778
082
_a
631.45
_b
BRA/LA
245
_a
Land Use and Soil Resources
260
_a
Stockholm
_b
Springer
_c
2007
300
_a
253
700
_a
Braimoh,Ademola K.
_9
675
700
_a
Vlek,Paul L.G
_9
676
942
_c
REF
999
_c
14421
_d
14421